000 00795naa a22002777a 4500
001 BR6009551
003 BR-BrBNA
005 20240918173038.0
007 ta
008 230509b bl.||||| |||| 00| 0 por d
040 _aBR-BrBNA
_bpor
_cBiblioteca Nacional de Agricultura
041 _a(Pt)
072 _aP12
090 _aP12 BR6009551
100 1 _aMattos, J.A. de
111 1 _a8. Congresso Rural
_cPorto Alegre, RS (Brazil)
_d10 Jul 1934
245 1 _aAcudes
260 3 _aPorto Alegre, RS (Brasil):
_c1934.
500 _aAnnaes do 8. Congresso Rural Porto Alegre, RS (Brasil): 1934. p. 369-383 (BR6009551-AM)P12
650 _aDrenagem
650 _aAgua
650 _aAcude
650 _aInstalacao agricola
909 _a202404
_bLucia
_c55
_dLucia Elande
942 _cAM
_2AGRIS
999 _c302633
_d302633